000 00556nam a2200181Ii 4500
003 JO-AjNU
008 230605s9999||||xx |||||||||||||| ||und||
040 _aJO-AjNU
_bara
_erda
_cJO-AjNU
041 _aara
050 1 4 _aTD420.A65 1992
100 3 _aعقل،محمود,
_eauthor
_99006
245 0 0 _aعين بيت الماء مخيم للاجئين الفلسطنين
300 _a124ص
336 _atext
_btxt
_2rdacontent
337 _aunmediated
_bn
_2rdamedia
338 _avolume
_bnc
_2rdacarrier
650 4 _aالماء-مخيم فلسطبن
_99007
999 _aA1079
_c4647
_d4647